Hloupý Honza v síti : pohádky o počítačích a jiných kouzlech nového století /

Hlavní autor: Stoličný, Peter, 1945-
Další autoři: Raudenský, Martin, 1968-
Jazyk: Čeština
Vydáno: Praha : Amulet, 2002
Vydání: 1. vyd.
Edice: Bajaja
Témata:
Externí odkaz: Digitalizovaný dokument
Fyzický popis: 126 s. : il. ; 25 cm
Knihy
Uloženo v:
LEADER 01385nam a2200373 a 4500
001 000590898
003 CZ BrMZK
005 20080502153006.0
007 ta
008 020319s2002 xr b f cze d
015 |a cnb001092224 
020 |a 80-86299-97-X 
035 |a (OCoLC)51187167 
040 |a BOA001  |b cze 
072 7 |a 821-93  |x Literatura pro děti a mládež (beletrie)  |2 Konspekt  |9 26 
072 7 |a 821.162.3-3  |x Česká próza  |2 Konspekt  |9 25 
080 |a 821-93  |2 MRF 
080 |a 821.162.3-34  |2 MRF 
080 |a (0:82-34)  |2 MRF 
100 1 |a Stoličný, Peter,  |d 1945-  |7 xx0001345  |4 aut 
245 1 0 |a Hloupý Honza v síti :  |b pohádky o počítačích a jiných kouzlech nového století /  |c Peter Stoličný ; [ilustroval Martin Raudenský] 
250 |a 1. vyd. 
260 |a Praha :  |b Amulet,  |c 2002 
300 |a 126 s. :  |b il. ;  |c 25 cm 
490 1 |a Bajaja 
521 |a Pro čtenáře od 7 let 
655 7 |a české pohádky  |7 fd133970  |2 czenas 
655 7 |a publikace pro děti  |7 fd133156  |2 czenas 
700 1 |a Raudenský, Martin,  |d 1968-  |7 jn99240000951  |4 ill 
830 0 |a Bajaja 
856 4 1 |u http://www.digitalniknihovna.cz/mzk/uuid/uuid:4d4352c0-2297-11e2-85be-005056827e51  |y Digitalizovaný dokument  |x NDK 
910 |a BOA001  |b 2-1100.134 
990 |a BK 
996 6 |b 2610156368  |c 2-1100.134  |l MZK  |r Sklad / do 1 hodiny  |n 5  |p p.v.  |w 000590898  |u 000010  |a 1  |e BOA001  |j MZK50  |s P